000
00297nam a22001217a 4500
003
OSt
005
20241024022606.0
008
241024b |||||||| |||| 00| 0 eng d
040
_a
Chap
245
_a
CEPAL- Comisión Económica para América Latina y el Caribe
260
_b
UNESCO
942
_2
ddc
999
_c
220235
_d
220235